[Event "7th Africa-ch (w)"]
[Site "Tunis TUN"]
[Date "2013.05.20"]
[Round "3"]
[White "Shroohk, Wafa"]
[Black "Solomons, Anzel"]
[Result "1-0"]
[WhiteElo "1965"]
[BlackElo "1931"]
[EventDate "2013.05.18"]
[PlyCount "107"]

1.e4 e5 2.Nf3 Nc6 3.Bc4 Bc5 4.c3 Qe7 5.O-O Nf6 6.d3 d6 7.Bb3 O-O 8.Nbd2 
Kh8 9.Re1 Ng4 10.Re2 f5 11.exf5 Bxf5 12.d4 Bb6 13.Nc4 Rad8 14.Nxb6 axb6 
15.Bg5 Nf6 16.dxe5 dxe5 17.Qe1 Bd3 18.Re3 e4 19.Nd2 Rfe8 20.Kh1 Qe5 21.
Bxf6 gxf6 22.Nxe4 Bxe4 23.f3 f5 24.fxe4 Na5 25.h3 b5 26.Qe2 Rd6 27.Rf1 Rf6
28.Ref3 Nxb3 29.axb3 Kg7 30.Qf2 Qxe4 31.Qg3+ Rg6 32.Qxc7+ Re7 33.Qc5 Re5 
34.Qf2 Rf6 35.Rf4 Qd5 36.Qd4 Qxd4 37.Rxd4 Kg6 38.Rf2 Kg5 39.Rd7 h5 40.Rxb7
f4 41.Rd7 Rff5 42.Rd1 Re3 43.Rfd2 f3 44.gxf3 Rfxf3 45.Rh2 b4 46.h4+ Kf4 
47.c4 Rxb3 48.c5 Rh3 49.Rd2 Rhg3 50.c6 Rbe3 51.Rhf2+ Ke5 52.c7 Rh3+ 53.Kg1
Rhg3+ 54.Rg2 1-0